Theory and applications of the Poincaré group /
Saved in:
| Main Author: | |
|---|---|
| Other Authors: | |
| Format: | Book |
| Language: | English |
| Published: |
Dordrecht, Holland ; Boston : Hingham, MA :
Reidel ; Sold and distributed in the U.S.A. and Canada by Kluwer Academic Publishers,
c1986.
|
| Series: | Fundamental theories of physics ;
[v. 17]. |
| Subjects: | |
| Tags: |
Add Tag
No Tags, Be the first to tag this record!
|
| LEADER | 01207cam a2200349 a 4500 | ||
|---|---|---|---|
| 001 | 008564107-3 | ||
| 005 | 20090211092712.0 | ||
| 008 | 860220s1986 ne a b 001 0 eng | ||
| 010 | |a 86003280 | ||
| 015 | |a GB87-20066 | ||
| 020 | |a 9027721416 : |c $73.00 (U.S.) | ||
| 035 | 0 | |a ocm13328442 | |
| 035 | 0 | |a ocm13328442 |z ocm15661076 | |
| 040 | |a DLC |c DLC |d UKM |d MCS | ||
| 050 | 0 | 0 | |a QC174.17.G7 |b K56 1986 |
| 082 | 0 | 0 | |a 512/.22 |2 19 |
| 100 | 1 | |a Kim, Y. S. | |
| 245 | 1 | 0 | |a Theory and applications of the Poincaré group / |c by Y.S. Kim, Marilyn E. Noz. |
| 260 | |a Dordrecht, Holland ; |a Boston : |b Reidel ; |a Hingham, MA : |b Sold and distributed in the U.S.A. and Canada by Kluwer Academic Publishers, |c c1986. | ||
| 300 | |a xv, 331 p. : |b ill. ; |c 25 cm. | ||
| 490 | 1 | |a Fundamental theories of physics ; |v [v. 17] | |
| 500 | |a Series numbering from list in v. 156. | ||
| 504 | |a Includes bliographical references (p. 320-326) and index. | ||
| 650 | 0 | |a Group theory. | |
| 650 | 0 | |a Poincaré series. | |
| 650 | 0 | |a Harmonic oscillators. | |
| 650 | 0 | |a Hadrons. | |
| 653 | |a Group theory | ||
| 700 | 1 | |a Noz, Marilyn E. | |
| 830 | 0 | |a Fundamental theories of physics ; |v [v. 17]. | |
| 988 | |a 20020608 | ||
| 906 | |0 DLC | ||


